000 00634nam a2200205Ii 4500
001 12631
003 CO-ViMGA
008 241108s9999||||xx |||||||||||||| ||und||
040 _aCO-ViMGA
_bspa
_erda
_cCO-ViMGA
041 0 _aunk
082 0 4 _a860.91-D41i
100 1 _aGuillermo Díaz Piaja
_954849
245 1 0 _aIntroducción al estudio del romanticismo español
264 1 _a[Lugar de publicación no identificado] : Espasa Calpe, 1958
300 _avolumen
336 _atext
_btxt
_2rdacontent
337 _aunmediated
_bn
_2rdamedia
338 _avolume
_bnc
_2rdacarrier
940 _aidficha_siabuc: 12339. -- ficha_no_siabuc:12631
999 _c52111
_d52111